Wszystkie państwa z kontynentu: Ameryka Północna - Statystyki

Ogólne statystyki
  • Ten quiz został rozwiązany 2 219 razy
  • Średni wynik to 16 z 23
Statystyki odpowiedzi
Państwo % Poprawnych
Stany Zjednoczone
98%
Kanada
97%
Meksyk
94%
Kuba
85%
Dominika
82%
Panama
79%
Dominikana
75%
Jamajka
75%
Haiti
73%
Kostaryka
70%
Honduras
69%
Salwador
67%
Gwatemala
66%
Nikaragua
64%
Bahamy
63%
Belize
63%
Barbados
55%
Antigua i Barbuda
52%
Saint Lucia
52%
Grenada
46%
Saint Kitts i Nevis
46%
Saint Vincent i Grenadyny
46%
Trynidad i Tobago
44%
Nie znaleziono quizów pasujących do podanych kryteriów
Rozkład punktacji
Procent ludzi z każdym wynikiem
Percentyl według liczby udzielonych odpowiedzi
Twoja historia wyników
Nie rozwiązałeś tego quizu